Mamme e papa' omosessuali

Salvato in:
Dettagli Bibliografici
Autore principale: Bonaccorso Monica
Natura: Libro
Lingua:lingua imprecisata
Pubblicazione: Roma Editori Riuniti 1994
Tags: Aggiungi Tag
Nessun Tag, puoi essere il primo ad aggiungerne!!

MARC

LEADER 00000nam a2200000Ia 4500
001 83
003 NUMERAZIONE-ORIGINALE-BRESCIA
005 20260206230747.0
008 260206s9999 xx 000 0 und d
100 |a Bonaccorso Monica 
245 0 |a Mamme e papa' omosessuali 
260 |a Roma 
260 |b Editori Riuniti 
260 |c 1994 
500 |a I Libelli 
500 |a Primo saggio italiano sulla famiglia omosessuale 
942 |2 ddc  |c BK  |n 0 
952 |0 0  |1 0  |2 ddc  |4 0  |6 24  |7 0  |9 28269  |a BS  |b BS  |d 2026-02-06  |i 83  |l 0  |o 2-4-*  |r 2026-02-06 22:40:31  |w 2026-02-06  |x [REVISIONARE]  |y BK 
999 |c 23965  |d 23965